al-Mafhūm al-Islāmī li-taḥrīr al-marʼah, (Record no. 50725)
[ view plain ]
| 000 -LEADER | |
|---|---|
| fixed length control field | 00811cam a22002411 4500 |
| 001 - CONTROL NUMBER | |
| control field | ne 68003239 |
| 003 - CONTROL NUMBER IDENTIFIER | |
| control field | DLC |
| 005 - DATE AND TIME OF LATEST TRANSACTION | |
| control field | 20260227111846.0 |
| 008 - FIXED-LENGTH DATA ELEMENTS--GENERAL INFORMATION | |
| fixed length control field | 910401s1967 ua 000 0 arar |
| 010 ## - LIBRARY OF CONGRESS CONTROL NUMBER | |
| LC control number | ne 68003239 |
| 025 ## - OVERSEAS ACQUISITION NUMBER | |
| Overseas acquisition number | PL480:UAR-9264 |
| 035 ## - SYSTEM CONTROL NUMBER | |
| System control number | (OCoLC)23361010 |
| 040 ## - CATALOGING SOURCE | |
| Original cataloging agency | DLC |
| Transcribing agency | WaU |
| Modifying agency | WaU |
| -- | DLC |
| 042 ## - AUTHENTICATION CODE | |
| Authentication code | premarc |
| 050 00 - LIBRARY OF CONGRESS CALL NUMBER | |
| Classification number | BP173.4 |
| Item number | .B5 |
| 100 0# - MAIN ENTRY--PERSONAL NAME | |
| Personal name | Bint al-Shāṭiʼ. |
| 245 13 - TITLE STATEMENT | |
| Title | al-Mafhūm al-Islāmī li-taḥrīr al-marʼah, |
| Remainder of title | muḥāḍarah ʻāmmah li-ʻĀishah ʻAbd al-Raḥmān (Bint al-Shāṭiʼ) |
| 260 ## - PUBLICATION, DISTRIBUTION, ETC. | |
| Place of publication, distribution, etc. | [al-Qāhirah] |
| Date of publication, distribution, etc. | 1967. |
| 300 ## - PHYSICAL DESCRIPTION | |
| Extent | 16 p. |
| Dimensions | 24 cm. |
| 500 ## - GENERAL NOTE | |
| General note | At head of title: Jāmiʻat Umm Durmān al-Islāmīyah. Muḥāḍarāt al-mawsim al-thaqāfī li-ʻām al-jāmiʻī 1966/1967. |
| 650 #0 - SUBJECT ADDED ENTRY--TOPICAL TERM | |
| Topical term or geographic name entry element | Women in Islam. |
| 650 #0 - SUBJECT ADDED ENTRY--TOPICAL TERM | |
| Topical term or geographic name entry element | Women's rights. |
No items available.